Igbo olodumare / (Record no. 34244)

MARC details
000 -LEADER
fixed length control field 00666nam a2200241 4500
008 - FIXED-LENGTH DATA ELEMENTS--GENERAL INFORMATION
fixed length control field 260331b |||||||| |||| 00| 0 eng d
017 ## - LEGAL DEPOSIT NUMBER
Legal deposit number 5728
018 ## - LEGAL DEPOSIT YEAR
LDD Year 2009
020 ## - INTERNATIONAL STANDARD BOOK NUMBER
ISBN 9781262419
040 ## - CATALOGING SOURCE
Original cataloging agency NLN
Language of cataloging Eng
100 ## - MAIN ENTRY--AUTHOR
Author FAGUNWA, D. O.
Relator term aut
245 ## - TITLE STATEMENT
Title Igbo olodumare /
Statement of responsibility, etc D. O. Fagunwa
260 ## - PUBLICATION, DISTRIBUTION, ETC. (IMPRINT)
Place of publication Ibadan (Jericho Road, P. M. B. 5164) :
Name of publisher Nelson Publishers,
Date of publication 2005
300 ## - COLLATION
Pagination 165p.
Other physical details 18cm.
563 ## - BINDING INFORMATION
Binding note (pbk)
650 ## - TRACINGS
Main Subject Yoruba fiction
650 ## - TRACINGS
Main Subject Yoruba mythology
Subdivision (1st) Fiction
650 ## - TRACINGS
Main Subject Good and evil
Subdivision (1st) Fiction
942 ## - ADDED ENTRY ELEMENTS (KOHA)
Item type Books
Suppress in OPAC No
050 ## - LIBRARY OF CONGRESS CALL NUMBER
Classification number PL8824.F156
Item number I24
082 ## - DEWEY DECIMAL CLASSIFICATION NUMBER
Classification number 896.333
Holdings
Source of classification or shelving scheme Not for loan Home library Current library Date acquired Accession No. Full call number Barcode. Koha item type
Library of Congress Classification   IBADAN BRANCH LIBRARY National Library of Nigeria 08/04/2026 103192 PL8824.F156 I24 2026-461741 Books

National Library of Nigeria OPAC is powered by Koha